| 000 | 00839 a2200277 4500 | ||
|---|---|---|---|
| 999 |
_c200421401 _d38377 |
||
| 001 | 200421401 | ||
| 003 | TR-AnTOB | ||
| 005 | 20240913073755.0 | ||
| 008 | 150219e1975 tu 000 0 | ||
| 040 |
_aTR-AnTOB _beng _erda _cTR-AnTOB |
||
| 041 | _atur | ||
| 050 | 0 |
_aHG4028.P7 _bC35 1975 |
|
| 090 | _aHG4028.P7 C35 1975 | ||
| 100 | 1 |
_aÇakıcı, Latif _937430 |
|
| 245 | 1 | 0 |
_aSanayi işletmelerinde kâra geçiş analizleri / _cLatif Çakıcı. |
| 264 | 1 |
_aAnkara : _bEkonomik ve Sosyal yayınlar, _c1975. |
|
| 300 |
_a76 pages : _btables ; _c20 cm. |
||
| 336 |
_atext _2rdacontent _btxt |
||
| 337 |
_aunmediated _2rdamedia _bn |
||
| 338 |
_avolume _2rdacarrier _bnc |
||
| 490 | 0 |
_aEkonomik ve Sosyal Yayınlar Serisi _v2 |
|
| 650 | 7 |
_aŞirketler _xFinans _2 _93697 |
|
| 650 | 7 |
_aŞirket karları _9173 |
|
| 942 |
_cBK _2lcc |
||